000 00588nam a22001817a 4500
005 20231113130107.0
008 231113b |||||||| |||| 00| 0 eng d
020 _a0409032662
041 _aAfrikaans
082 _a345.5 HIE
100 _aKriegler, JC en Stafford EH
_lAfrikaans
245 _aSuid-Afrikaanse Strafproses :
_bEerste Kumulatiewe Byvoegsel,
_c1988
250 _aVierde Uitgawe
260 _aDurban :
_bButterworth-uitgewers (Edms) Bpk,
_c1988
300 _bxi, 43 pages ;
_c25 cm.
650 _aLegal practice
_bLaw
942 _cBK
_6ALISON_BN_VRIES
999 _c571
_d571